01320 a2200229 4500003000500000005001700005010001600022040000900038082001400047100003100061245013400092250004600226260005000272300003300322440003800355505046700393650004600860700003000906942001200936999001900948952012300967Nust20230320105613.0 a 88060681 cNust00a629.2,RIB1 aRibbens, William B.96796110aUnderstanding automotive electronics /cWilliam B. Ribbens, Norman P. Mansour ; with contributions by Gerald Luecke ... [et al.]. a3rd ed. /brevised by William B. Ribbens. aIndianapolis, Ind., USA :bH.W. Sams,cc1988. aiv, 366 p. :bill. ;c23 cm. 0aSams understanding series9105784 aAutomotive Fundamentals (Page-1), The Systems Approach to Control and Instrumentation (Page-20), Electronics Fundamentals (Page-47), Microcomputer Instrumentation and Control (Page-73), Sensor and Actuators (Page-119), The Basics of Electronics Engine Control (Page-163), Digital Engine Control System (Page-199), Vehicle Motion Control (Page-239), Automotive Instrumentation (Page-263), Diagnostics (Page-297), Future Automotive Electrical Systems (Page-323).  0aAutomobilesxElectronic equipment.9838521 aMansour, Norman P.983896 2ddccBK c183733d183733 00102ddc4070aMCSbMCScGENd2016-12-12o629.2,RIBpMCS21618r2016-12-08w2016-12-12yBKzAlmirah No.74, Shelf No.6